DIRTY LITTLE SECRET / (Record no. 200093)

MARC details
000 -LEADER
fixed length control field 00706nam a2200229 i 4500
005 - DATE AND TIME OF LATEST TRANSACTION
control field 20250728160208.0
008 - FIXED-LENGTH DATA ELEMENTS--GENERAL INFORMATION
fixed length control field 250728s2025 my gr 000 f may d
020 ## - INTERNATIONAL STANDARD BOOK NUMBER
International Standard Book Number 9789672803775
Terms of availability RM42.00
Qualifying information paperback
040 ## - CATALOGING SOURCE
Original cataloging agency PPAK
Language of cataloging eng
Transcribing agency PPAK
Description conventions rda
082 04 - DEWEY DECIMAL CLASSIFICATION NUMBER
Edition number 23
Classification number 899.2333
090 00 - LOCALLY ASSIGNED LC-TYPE CALL NUMBER (OCLC); LOCAL CALL NUMBER (RLIN)
Classification number (OCLC) (R) ; Classification number, CALL (RLIN) (NR) 899.2333
Feature heading ELV
Feature heading G
100 0# - MAIN ENTRY--PERSONAL NAME
Personal name Elvroseth,
Relator term author.
245 10 - TITLE STATEMENT
Title DIRTY LITTLE SECRET /
Statement of responsibility, etc. Elvroseth
264 #1 - PRODUCTION, PUBLICATION, DISTRIBUTION, MANUFACTURE, AND COPYRIGHT NOTICE
Place of production, publication, distribution, manufacture Kajang, Selangor :
Name of producer, publisher, distributor, manufacturer Idea Kreatif Publication,
Date of production, publication, distribution, manufacture, or copyright notice 2025
300 ## - PHYSICAL DESCRIPTION
Extent 933 pages ;
Dimensions 19 cm
336 ## - CONTENT TYPE
Content type term text
Source rdacontent
337 ## - MEDIA TYPE
Media type term unmediated
Source rdamedia
338 ## - CARRIER TYPE
Carrier type term volume
Source rdacarrier
650 10 - SUBJECT ADDED ENTRY--TOPICAL TERM
Topical term or geographic name entry element Malay fiction
Topical term or geographic name entry element Malaysian fiction (Malay)
942 ## - ADDED ENTRY ELEMENTS (KOHA)
Source of classification or shelving scheme Dewey Decimal Classification
Koha item type Book
Holdings
Withdrawn Not for loan Current library Shelving location Date acquired Total Checkouts Full call number Barcode Checked out Date last seen Date last checked out Koha item type Total Renewals
    Perpustakaan Alor Setar Pinjaman Dewasa 03/08/2025 7 899.2333 ELV A01871622 11/07/2026 20/06/2026 20/06/2026 Book  
    Perpustakaan Awam Sungai Petani Pinjaman Dewasa 03/08/2025 5 899.2333 ELV A01871623   21/06/2026 13/06/2026 Book 2
    Perpustakaan Baling Pinjaman Dewasa 03/08/2025 6 899.2333 ELV A01871627   03/06/2026 09/05/2026 Book 2
    Perpustakaan Bandar Baharu Pinjaman Dewasa 03/08/2025   899.2333 ELV A01871628   03/08/2025   Book  
    Perpustakaan Jitra Pinjaman Dewasa 03/08/2025 2 899.2333 ELV A01871624   02/05/2026 31/01/2026 Book  
    Perpustakaan Kuala Nerang Pinjaman Dewasa 03/08/2025 1 899.2333 ELV A01871632   18/01/2026 14/12/2025 Book 1
    Perpustakaan Kulim Pinjaman Dewasa 03/08/2025 6 899.2333 ELV A01871626   24/05/2026 15/04/2026 Book 3
    Perpustakaan Langkawi Pinjaman Dewasa 03/08/2025 3 899.2333 ELV A01871625 29/06/2026 08/06/2026 08/06/2026 Book  
    Perpustakaan Merbok Pinjaman Dewasa 03/08/2025 5 899.2333 ELV A01871629   10/06/2026 18/04/2026 Book 1
    Perpustakaan Pendang Pinjaman Dewasa 03/08/2025   899.2333 ELV A01871633   03/08/2025   Book  
    Perpustakaan Sik Pinjaman Dewasa 03/08/2025 4 899.2333 ELV A01871631   13/05/2026 22/04/2026 Book 1
    Perpustakaan Yan Pinjaman Dewasa 03/08/2025 4 899.2333 ELV A01871630   11/06/2026 25/05/2026 Book